LEADER 00671nam a2200193 i 4500 001 000000152944 003 CaOOAMICUS 005 20060907000000.0 008 060907s1959 it u000 u ita u 013 $a130285 040 $aSeMil$bita 245 10$aVol. 3. 300 $a427 p. :$bill. 700 1 $aMeschler, Moritz.$0(OLS)http://semarc/name/10264 773 0 $aMeschler, Moritz$tMeditazioni sulla vita di Gesù Cristo.$b1. ed. italiana.$dMilano : Selecta, 1959.$gVol.3$w()16309 850 $aSeMil 852 $aSeMil$W1$xVenegono$y1$m3F II 392$j104888$B104888$CSeMilBibl$Z2$F115905 $81 961 $aRecupero: Altro 996 $6245$aVol. 3$9(OLS)http://semarc/title/80712 LEADER 01406nam a2200289 i 4500 001 000000191495 003 CaOOAMICUS 005 20100806000000.0 008 100806s2010 gw u000 u ger u 013 $a170051 020 $a978-3-402-11192-5 040 $aSeMil$bita 100 1 $aRunggaldier, Edmund.$0(OLS)http://semarc/name/37948 245 14$aDie menschliche Seele bei Albertus Magnus :$bein nicht-reduktionistischer Beitrag zum Leib-Seele-Problem /$cEdmund Runggaldier. 260 $aMünster :$bAschendorff,$c2010. 300 $a54 p. ;$c23 cm. 490 0 $aLectio Albertina ;$v11 650 4$aAnima - Filosofia.$0(OLS)http://semarc/subject/2216 650 4$aAlberto : Magno - Pensiero filosofico.$0(OLS)http://semarc/subject/34333 650 4$aAlberto : Magno - Concezione dell'anima.$0(OLS)http://semarc/subject/36058 830 0$aLectio Albertina ;$v11.$0(OLS)http://semarc/title/9477 850 $aSeMil 852 $aSeMil$W1$xVenegono$y1$m2IA G 11$j232503$B142109$CSeMilBibl$Z2$F153647 $81 961 $aSottoscrizione: Aschendorff 996 $6020$a978-3-402-11192-5$9(OLS)http://semarc/number/182594 996 $6245$aDie menschliche Seele bei Albertus Magnus :$bein nicht-reduktionistischer Beitrag zum Leib-Seele-Problem$9(OLS)http://semarc/title/275935 996 $6260$aMünster :$bAschendorff$9(OLS)http://semarc/publisher/29674